[Event "Titled Tue 10th Jun Late"]
[Site "chess.com INT"]
[Date "2025.06.10"]
[Round "10"]
[White "Garcia Hernandez, Rebeca"]
[Black "Noroozi, Omid"]
[Result "0-1"]
[WhiteTitle "WCM"]
[BlackTitle "IM"]
[WhiteElo "1904"]
[BlackElo "2266"]
[WhiteFideId "5180872"]
[BlackFideId "12501190"]
[EventDate "2025.06.10"]

1. Nf3 Nf6 2. g3 e6 3. Bg2 d5 4. O-O Be7 5. b3 O-O 6. Bb2 c5 7. d4 Nc6 8. Nbd2
b6 9. Rc1 Bb7 10. c4 Rb8 11. cxd5 Nxd5 12. dxc5 bxc5 13. Ne5 Nxe5 14. Bxe5 Bf6
15. Bxf6 Qxf6 16. Ne4 Qe7 17. Nxc5 Ba8 18. e4 Nb6 19. Nd3 Rbd8 20. Qe2 Rd4 21.
Rfd1 Rfd8 22. Ne5 f6 23. Rxd4 Rxd4 24. Nc6 Bxc6 25. Rxc6 Qd7 26. Rc1 Rd2 27. Qa6
Qd4 28. Rf1 Nd7 29. Qc8+ Kf7 30. Qc7 Kg6 31. Qb7 Ne5 32. h4 Ng4 33. a4 Rxf2 34.
h5+ Kh6 35. Rxf2 Qxf2+ 36. Kh1 Qe1+ 37. Bf1 Qxf1# 0-1

[Event "Titled Tue 10th Jun Late"]
[Site "chess.com INT"]
[Date "2025.06.10"]
[Round "10"]
[White "Hadzovic, Amir"]
[Black "Rajaram, Rohan"]
[Result "0-1"]
[WhiteTitle "FM"]
[BlackTitle "CM"]
[WhiteElo "2354"]
[BlackElo "2164"]
[WhiteFideId "14402300"]
[BlackFideId "30940729"]
[EventDate "2025.06.10"]

1. e4 c5 2. Nc3 Nc6 3. f4 d6 4. Nf3 g6 5. Bc4 Bg7 6. O-O e6 7. d3 Nge7 8. Qe1
O-O 9. Qh4 d5 10. Bb3 h5 11. f5 dxe4 12. dxe4 exf5 13. Bg5 Be6 14. Nd5 Re8 15.
Nf6+ Kf8 16. Nxe8 Qxe8 17. Bxe6 fxe6 18. Bf6 Qf7 19. Bxg7+ Kxg7 20. Ng5 Qf6 21.
Rae1 Kh6 22. Nf3 g5 23. Qf2 f4 24. Qxc5 Ng6 25. Qb5 g4 26. Nd2 Qd4+ 27. Kh1 Qxd2
28. Qxb7 Nh4 29. Rg1 f3 30. h3 fxg2+ 31. Kh2 g3+ 32. Kxg3 Rg8+ 33. Kxh4 Qg5# 0-1

[Event "Titled Tue 10th Jun Late"]
[Site "chess.com INT"]
[Date "2025.06.10"]
[Round "10"]
[White "Watanabe, Akira"]
[Black "Fernandes, Rogerio Paulo Muller"]
[Result "1-0"]
[WhiteTitle "FM"]
[WhiteElo "2284"]
[BlackElo "2241"]
[WhiteFideId "7000227"]
[BlackFideId "2101599"]
[EventDate "2025.06.10"]

1. d4 Nf6 2. c4 c5 3. d5 b5 4. cxb5 a6 5. bxa6 Bxa6 6. Nc3 d6 7. e4 Bxf1 8. Kxf1
g6 9. g3 Bg7 10. Kg2 O-O 11. Nf3 Nbd7 12. h3 Ra6 13. Qc2 Qa8 14. Bd2 e6 15. dxe6
fxe6 16. Rhe1 d5 17. exd5 exd5 18. Bf4 d4 19. Ne4 Nxe4 20. Qxe4 Qxe4 21. Rxe4 h6
22. Re7 Nf6 23. Rc7 Nd5 24. Rxc5 Nxf4+ 25. gxf4 Rxf4 26. Ne5 Re6 27. Nd3 Rf7 28.
a4 Re2 29. a5 Rd2 30. Ra3 Bf8 31. Rc8 Kg7 32. Rb3 Ra7 33. Nf4 Bd6 34. Nd5 h5 35.
Rb6 Be5 36. a6 d3 37. b4 Bd4 38. Rb7+ Rxb7 39. axb7 Rxf2+ 40. Kg3 h4+ 41. Kxh4 1-0

[Event "Titled Tue 10th Jun Late"]
[Site "chess.com INT"]
[Date "2025.06.10"]
[Round "10"]
[White "Sakhayi, Mostafa"]
[Black "Sethuraman, Roshan"]
[Result "0-1"]
[WhiteTitle "CM"]
[WhiteElo "2166"]
[BlackElo "2074"]
[WhiteFideId "12512532"]
[BlackFideId "30965250"]
[EventDate "2025.06.10"]

1. d4 Nf6 2. c4 e6 3. Nc3 Bb4 4. e3 O-O 5. Bd3 c5 6. Nf3 d5 7. O-O cxd4 8. exd4
dxc4 9. Bxc4 Nc6 10. Bg5 Be7 11. Re1 h6 12. Bh4 a6 13. a4 Nb4 14. Qe2 Re8 15.
Rad1 Nbd5 16. Ne5 Nxc3 17. bxc3 Nd5 18. Bxe7 Rxe7 19. Qf3 Rc7 20. Rd3 Qd6 21.
Bb3 f6 22. Nc4 Qf4 23. Qxf4 Nxf4 24. Rf3 Nd5 25. a5 Bd7 26. h4 Rac8 27. Nb6 Nxb6
28. axb6 Rc6 29. Ba4 Rd6 30. Bxd7 Rxd7 31. Rxe6 Kf7 32. Re2 Rc6 33. Rb2 Rdd6 34.
Kf1 Rxb6 35. Rxb6 Rxb6 36. Ke2 a5 37. Kd3 Rb2 38. Rf5 b5 39. g4 a4 40. Rc5 Kg6
41. h5+ Kh7 42. Rc7 Rxf2 43. d5 a3 44. d6 Rf1 45. Ra7 Rd1+ 46. Kc2 Rxd6 47. Rxa3
Rd5 48. Ra5 Rg5 49. Kb3 Kg8 50. Kb4 Rxg4+ 51. Kxb5 Rg5+ 0-1

[Event "Titled Tue 10th Jun Late"]
[Site "chess.com INT"]
[Date "2025.06.10"]
[Round "10"]
[White "Weisz, Bryan"]
[Black "Marino Bravo, Miguel Angel"]
[Result "1-0"]
[BlackTitle "CM"]
[WhiteElo "2059"]
[BlackElo "2134"]
[WhiteFideId "30934133"]
[BlackFideId "2208970"]
[EventDate "2025.06.10"]

1. Nf3 d5 2. d3 c5 3. Bf4 Nc6 4. Nc3 a6 5. e4 dxe4 6. Nxe4 e6 7. Be2 Nf6 8.
Nxf6+ Qxf6 9. Qc1 Nb4 10. Bg5 Qg6 11. Nh4 Nxc2+ 12. Kf1 Qxg5 13. Qxg5 Nxa1 14.
Qc1 Be7 15. Nf3 O-O 16. Qxa1 b5 17. Nd2 Bb7 18. f3 Bf6 19. Ne4 Bd4 20. Qc1 Rac8
21. b3 f5 22. Nd6 Rc7 23. Nxb7 Rxb7 24. f4 e5 25. fxe5 Re7 26. Bf3 Rxe5 27. h4
Rfe8 28. h5 h6 29. Rh4 Be3 30. Qc3 Bg5 31. Rh1 Be3 32. g3 Bd4 33. Qd2 Be3 34.
Qc2 Bd4 35. Kg2 Re3 36. Rf1 R3e5 37. b4 cxb4 38. Qb3+ Kh8 39. Qxb4 Bc5 40. Qb3
Bd4 41. Qf7 b4 42. Bd5 Re2+ 43. Kh3 R2e7 44. Qxf5 Bc3 45. Qf8+ Rxf8 46. Rxf8+
Kh7 47. Bg8+ Kh8 48. Bf7+ Kh7 49. Bg6# 1-0

[Event "Titled Tue 10th Jun Late"]
[Site "chess.com INT"]
[Date "2025.06.10"]
[Round "10"]
[White "Garcia, Angie"]
[Black "Yazici, Ugur Doga"]
[Result "0-1"]
[WhiteTitle "WIM"]
[BlackTitle "CM"]
[WhiteElo "1996"]
[BlackElo "2161"]
[WhiteFideId "6702503"]
[BlackFideId "6363342"]
[EventDate "2025.06.10"]

1. e4 e6 2. d4 d5 3. Nd2 Nc6 4. Bb5 Nf6 5. e5 Nd7 6. Ngf3 f6 7. O-O fxe5 8. dxe5
Be7 9. c3 O-O 10. Re1 Qe8 11. Nf1 Qh5 12. Ng3 Qf7 13. Qe2 h6 14. Bd3 Nc5 15. Bc2
b6 16. b4 Nd7 17. b5 Ncxe5 18. Nxe5 Nxe5 19. Qxe5 Qxf2+ 20. Kh1 Qxc2 21. Be3 Bd6
22. Qd4 a6 23. Rf1 axb5 24. Rxf8+ Bxf8 25. Rf1 Rxa2 26. Bf2 Bc5 27. Qf4 Bxf2 28.
Nh5 Qe2 29. Rb1 Qxh5 30. Qxc7 Qe8 31. Qe5 Bc5 32. Rf1 Rf2 33. Re1 Bd7 34. h3 Qf7
35. Qb8+ Kh7 0-1

[Event "Titled Tue 10th Jun Late"]
[Site "chess.com INT"]
[Date "2025.06.10"]
[Round "10"]
[White "Esipenko, Andrey"]
[Black "Moskalenko, Alexander"]
[Result "0-1"]
[WhiteTitle "GM"]
[BlackTitle "GM"]
[WhiteElo "2689"]
[BlackElo "2422"]
[WhiteFideId "24175439"]
[BlackFideId "4155351"]
[EventDate "2025.06.10"]

1. e4 e6 2. d4 d5 3. e5 c5 4. c3 Bd7 5. Nf3 Qb6 6. Be2 Nc6 7. O-O cxd4 8. cxd4
Nge7 9. Na3 Nf5 10. Nc2 Be7 11. Bd3 h5 12. b4 a5 13. b5 Nb4 14. a4 Nxd3 15. Qxd3
Rc8 16. Ne3 O-O 17. Bd2 Nxe3 18. Bxe3 Rc7 19. Bg5 Bb4 20. Qe3 Rc3 21. Qf4 Rfc8
22. Qh4 Be8 23. Bf6 Bf8 24. Rad1 g6 25. Qf4 R8c4 26. g4 hxg4 27. Qxg4 Rxf3 28.
Qxf3 Rxd4 29. Rxd4 Qxd4 30. Rc1 Qxa4 31. b6 Bc6 32. h4 Bh6 33. Rf1 d4 34. Qg3
Qc2 35. h5 Kh7 36. hxg6+ Qxg6 37. Ra1 d3 38. Kf1 Qh5 39. Ke1 Qe2# 0-1

[Event "Titled Tue 10th Jun Late"]
[Site "chess.com INT"]
[Date "2025.06.10"]
[Round "10"]
[White "Bazan Romero, Octavio Aaron"]
[Black "Mayaud, Raphael"]
[Result "1-0"]
[WhiteTitle "FM"]
[BlackTitle "CM"]
[WhiteElo "2289"]
[BlackElo "2126"]
[WhiteFideId "20003943"]
[BlackFideId "627151"]
[EventDate "2025.06.10"]

1. d4 d5 2. Nc3 c6 3. Bf4 Nf6 4. f3 b5 5. a3 a5 6. e4 e6 7. e5 Nfd7 8. Be3 Nb6
9. f4 g6 10. Nf3 Nc4 11. Bxc4 bxc4 12. O-O h5 13. Ng5 Be7 14. Qd2 Bd7 15. Na4
Na6 16. b3 Nc7 17. Nb6 Ra6 18. Nxd7 Qxd7 19. Rab1 O-O 20. Qe2 Nb5 21. bxc4 Nc3
22. Qd3 Nxb1 23. cxd5 Rb6 24. dxe6 Qd5 25. exf7+ Kg7 26. c4 Qd7 27. d5 Bxg5 28.
Bxb6 Qf5 29. Qxf5 gxf5 30. fxg5 Rxf7 31. Rxb1 cxd5 32. cxd5 Re7 33. d6 Rxe5 34.
d7 Rd5 35. d8=Q Rxd8 36. Bxd8 1-0

[Event "Titled Tue 10th Jun Late"]
[Site "chess.com INT"]
[Date "2025.06.10"]
[Round "10"]
[White "Kjaergaard-Jensen, Jesper"]
[Black "Mizzi, Jack"]
[Result "0-1"]
[WhiteTitle "CM"]
[BlackTitle "CM"]
[WhiteElo "2081"]
[BlackElo "2107"]
[WhiteFideId "1406990"]
[BlackFideId "5602521"]
[EventDate "2025.06.10"]

1. d4 Nf6 2. Nf3 e6 3. Bg5 b6 4. Nbd2 Bb7 5. e4 Be7 6. Bd3 d5 7. Bxf6 Bxf6 8. e5
Be7 9. h4 c5 10. c3 Nc6 11. Qa4 a6 12. dxc5 bxc5 13. Qg4 Kf8 14. Ng5 Nxe5 15.
Qh3 Bxg5 16. hxg5 Qxg5 17. f4 Qxf4 18. O-O-O Nxd3+ 19. Qxd3 c4 20. Qe2 Qc7 21.
Rdf1 Ke7 22. Qh5 f6 23. Qg4 g5 24. Rxf6 Kxf6 25. Rh6+ Ke7 26. Qxe6+ Kf8 27. Qf6+
Kg8 28. Qxg5+ Qg7 29. Qh4 Re8 30. Kc2 Bc8 31. b3 cxb3+ 32. axb3 Bf5+ 33. Kb2 Bg6
34. Qf4 Rc8 35. Rh3 d4 36. cxd4 Rc2+ 37. Ka1 Rc8 0-1

[Event "Titled Tue 10th Jun Late"]
[Site "chess.com INT"]
[Date "2025.06.10"]
[Round "10"]
[White "Goryachkina, Aleksandra"]
[Black "Aliyev, Elnur"]
[Result "1-0"]
[WhiteTitle "GM"]
[BlackTitle "CM"]
[WhiteElo "2533"]
[BlackElo "2123"]
[WhiteFideId "4147103"]
[BlackFideId "13402617"]
[EventDate "2025.06.10"]

1. e4 d5 2. exd5 Qxd5 3. Nc3 Qd8 4. d4 Nf6 5. Bc4 g6 6. Nf3 Bg7 7. O-O a6 8. Bg5
b5 9. Bb3 O-O 10. a4 b4 11. Bxf6 Bxf6 12. Nd5 Bb7 13. Nxb4 a5 14. Nd3 Bxd4 15.
Nxd4 Qxd4 16. Re1 e6 17. Ne5 Qxb2 18. Rb1 Qc3 19. Bxe6 fxe6 20. Rxb7 Na6 21. Rb3
Qc5 22. Qe2 Nb4 23. Nd7 Qxc2 24. Nxf8 Qxb3 25. Nd7 Nd3 26. Rf1 Nf4 27. Qe5 Qb4
28. Nf6+ Kf7 29. Ne4 Rd8 30. Qxf4+ Ke8 31. Qe5 Qd4 32. Qxe6+ Kf8 33. h3 Rd7 34.
Nf6 Kg7 35. Nxd7 1-0

[Event "Titled Tue 10th Jun Late"]
[Site "chess.com INT"]
[Date "2025.06.10"]
[Round "10"]
[White "Woodward, Andy"]
[Black "Paravyan, David"]
[Result "0-1"]
[WhiteTitle "GM"]
[BlackTitle "GM"]
[WhiteElo "2567"]
[BlackElo "2589"]
[WhiteFideId "30953499"]
[BlackFideId "4194985"]
[EventDate "2025.06.10"]

1. d4 f5 2. c4 Nf6 3. g3 e6 4. Bg2 Be7 5. Nf3 O-O 6. O-O d5 7. b3 b6 8. Ne5 Bb7
9. Nc3 Nbd7 10. Nd3 Ne4 11. Bb2 Bd6 12. Nb5 Qe7 13. Nxd6 cxd6 14. cxd5 Bxd5 15.
Nb4 f4 16. Qd3 a5 17. Nc2 Ng5 18. h4 f3 19. hxg5 fxg2 20. Rfe1 Qxg5 21. e4 Bb7
22. Ne3 Nf6 23. Nxg2 Qh5 24. Nf4 Qh6 25. f3 Nh5 26. Nxh5 Qxh5 27. Kg2 Rf7 28.
Rh1 Qg6 29. Rae1 Raf8 30. Rhf1 d5 31. Qe3 Rf4 32. Ba3 R8f7 33. Bd6 R4f6 34. e5
Rf5 35. Rc1 h5 36. Rf2 Rg5 37. f4 Rg4 38. Rh1 Ba6 39. Rf3 h4 40. Kf2 hxg3+ 41.
Rxg3 Rfxf4+ 42. Kg2 Qc2+ 43. Kh3 Rh4# 0-1

[Event "Titled Tue 10th Jun Late"]
[Site "chess.com INT"]
[Date "2025.06.10"]
[Round "10"]
[White "Garzon Zapatanga, Christopher Leonel"]
[Black "Thorhallsson, Simon"]
[Result "1-0"]
[WhiteTitle "FM"]
[BlackTitle "FM"]
[WhiteElo "2155"]
[BlackElo "2202"]
[WhiteFideId "3634787"]
[BlackFideId "2310090"]
[EventDate "2025.06.10"]

1. b3 e5 2. Bb2 Nc6 3. e3 d5 4. Bb5 Ne7 5. Nf3 e4 6. Nd4 Bd7 7. O-O Nxd4 8.
Bxd7+ Qxd7 9. Bxd4 Nf5 10. Bb2 h5 11. d3 Qe6 12. Nd2 O-O-O 13. Qe2 h4 14. h3 Rg8
15. Qg4 g5 16. dxe4 dxe4 17. Nxe4 Be7 18. Rad1 Rxd1 19. Rxd1 b6 20. Nc3 a6 21.
Nd5 Bd8 22. c4 Kb8 23. e4 Nd6 24. e5 Nf5 25. Rd3 c6 26. Rf3 cxd5 27. Qxf5 dxc4
28. Qxf7 Qxf7 29. Rxf7 cxb3 30. axb3 Re8 31. g4 hxg3 32. fxg3 Bc7 33. Rf5 Rg8
34. Kg2 Kc8 35. Rf7 Re8 36. Rf5 Rg8 37. Kf3 Kd7 38. Ke4 Kc6 39. Rf6+ Kb7 40. Rf7
a5 41. e6 Kc6 42. Be5 Bxe5 43. Kxe5 b5 44. Ra7 Kb6 45. Rd7 a4 46. bxa4 bxa4 47.
e7 Kb5 48. Rd8 a3 49. Rxg8 a2 50. Ra8 1-0

[Event "Titled Tue 10th Jun Late"]
[Site "chess.com INT"]
[Date "2025.06.10"]
[Round "10"]
[White "Deac, Bogdan-Daniel"]
[Black "Zierk, Steven"]
[Result "1-0"]
[WhiteTitle "GM"]
[BlackTitle "GM"]
[WhiteElo "2674"]
[BlackElo "2489"]
[WhiteFideId "1226380"]
[BlackFideId "2034255"]
[EventDate "2025.06.10"]

1. d4 Nf6 2. c4 e6 3. Nc3 Bb4 4. e3 O-O 5. Bd3 c5 6. Ne2 cxd4 7. exd4 d5 8. cxd5
Qxd5 9. O-O Qh5 10. Ne4 Nbd7 11. Bf4 b6 12. Qa4 Qa5 13. Qxa5 bxa5 14. Rac1 Nd5
15. Bg5 f6 16. Be3 Bb7 17. a3 Be7 18. Bd2 a4 19. Bb5 N7b6 20. N2c3 Nxc3 21. Nxc3
Rfd8 22. Be3 a6 23. Bxa4 Nxa4 24. Nxa4 Rac8 25. Nc5 Bxc5 26. dxc5 e5 27. Rfd1
Kf7 28. h3 Bc6 29. Rd6 Rxd6 30. cxd6 Ke6 31. Bc5 Kd7 32. b4 f5 33. f3 e4 34. f4
Bb5 35. Kf2 h6 36. g4 Ke6 37. Rd1 g5 38. fxg5 hxg5 39. gxf5+ Kxf5 40. Rd5+ Kf6
41. Ke3 Bc6 42. d7 1-0

[Event "Titled Tue 10th Jun Late"]
[Site "chess.com INT"]
[Date "2025.06.10"]
[Round "10"]
[White "Varela La Madrid, Maria"]
[Black "Pica, Eleni"]
[Result "1-0"]
[WhiteTitle "WFM"]
[BlackTitle "WCM"]
[WhiteElo "1981"]
[BlackElo "1686"]
[WhiteFideId "3903346"]
[BlackFideId "5910005"]
[EventDate "2025.06.10"]

1. e4 c5 2. Nf3 d6 3. d4 cxd4 4. Nxd4 Nf6 5. Nc3 g6 6. Be3 Bg7 7. f3 O-O 8. Qd2
Nc6 9. O-O-O d5 10. Kb1 Nxd4 11. e5 Nxf3 12. gxf3 Nh5 13. Nxd5 Bxe5 14. Nf6+
Nxf6 15. Qxd8 Rxd8 16. Rxd8+ Kg7 17. Bh3 e6 18. Rhd1 Nd5 19. R1xd5 Bc7 20. Bd4+
Kh6 21. R5d7 Bxd8 22. Rxd8 b6 23. Be3+ Kh5 24. Bg4+ Kh4 25. Bf2+ Kg5 26. h4+ Kf4
27. Rd4+ Ke5 28. f4+ Kf6 29. Bf3 Rb8 30. Rd8 Ke7 31. Rh8 h5 32. Bd4 Kd7 33. Be5
Rb7 34. Bxb7 Bxb7 35. Rh7 Ke7 36. Rh8 Bc6 37. c4 Be8 38. Kc2 a6 39. Kc3 b5 40.
cxb5 axb5 41. Kb4 Kd7 42. Kc5 Kd8 43. Kd6 b4 44. Bf6+ Kc8 45. Rxe8+ Kb7 46. Be7
Kb6 47. Bd8+ Kb5 48. b3 Ka6 49. Ba5 f5 50. Kc6 Kxa5 51. Ra8# 1-0

[Event "Titled Tue 10th Jun Late"]
[Site "chess.com INT"]
[Date "2025.06.10"]
[Round "10"]
[White "Stefansson, Vignir Vatnar"]
[Black "Tristan, Leonardo"]
[Result "0-1"]
[WhiteTitle "GM"]
[BlackTitle "GM"]
[WhiteElo "2515"]
[BlackElo "2536"]
[WhiteFideId "2308649"]
[BlackFideId "113816"]
[EventDate "2025.06.10"]

1. e4 d5 2. Nc3 dxe4 3. Nxe4 Bf5 4. Ng3 Bg6 5. h4 h6 6. Nh3 e6 7. Nf4 Bh7 8. d4
Nf6 9. Be3 Bd6 10. Bd3 Bxd3 11. Qxd3 Bxf4 12. Bxf4 Nc6 13. O-O-O Qd5 14. Qb3
O-O-O 15. Qxd5 Nxd5 16. Be3 Nxe3 17. fxe3 h5 18. Ne2 e5 19. Rhf1 f6 20. Ng3 exd4
21. exd4 Nxd4 22. Rfe1 Nc6 23. Nf5 Rxd1+ 24. Kxd1 g5 25. hxg5 fxg5 26. Ne7+ Kd7
27. Nxc6 Kxc6 28. Re5 g4 29. Rg5 Rh7 30. Kd2 Kd6 31. b4 Ke6 32. Ke3 Kf6 33. Rc5
h4 34. Kf2 h3 35. gxh3 gxh3 36. Kg1 h2+ 37. Kh1 Ke6 38. a4 Kd6 39. Rc4 Rh5 40.
c3 c6 41. Rd4+ Rd5 42. Rh4 Rd3 43. Rh7 b5 44. axb5 cxb5 45. Rxa7 Rxc3 46. Kxh2
Kd5 47. Rg7 Kc4 48. Rg4+ Kb3 49. Kg2 Rc4 50. Rg3+ Kxb4 51. Kf2 Re4 52. Rg1 Kc3
53. Rc1+ Kb2 0-1

[Event "Titled Tue 10th Jun Late"]
[Site "chess.com INT"]
[Date "2025.06.10"]
[Round "10"]
[White "Timmermans, Mark"]
[Black "Kodihalli, Kaustubh"]
[Result "1/2-1/2"]
[WhiteTitle "IM"]
[WhiteElo "2405"]
[BlackElo "2038"]
[WhiteFideId "1026399"]
[BlackFideId "30956455"]
[EventDate "2025.06.10"]

1. b4 Nf6 2. Bb2 g6 3. c4 Bg7 4. a4 O-O 5. e3 a5 6. b5 b6 7. Nf3 Bb7 8. Be2 d5
9. O-O dxc4 10. Bxc4 Nbd7 11. d4 e6 12. Nbd2 Rc8 13. Rc1 c5 14. bxc6 Bxc6 15.
Qb3 Bd5 16. e4 Nxe4 17. Nxe4 Bxe4 18. Bxe6 Rxc1 19. Rxc1 Bxf3 20. Bxd7 Bxg2 21.
Kxg2 Qxd7 22. Qxb6 Qxa4 23. Ra1 Qb4 24. Qxb4 axb4 25. Ra4 Rb8 26. Kf3 f5 27. Ke3
Bf8 28. Kd3 Bd6 29. h3 Rb7 30. Ra6 Be7 31. d5 Kf7 32. Kc4 Rc7+ 33. Rc6 Rxc6+ 34.
dxc6 Ke6 35. Be5 g5 36. f3 h5 37. Bb8 g4 38. fxg4 fxg4 39. hxg4 hxg4 40. Bg3 Bf8
41. Be1 Bd6 42. Bf2 Bc7 43. Kxb4 Kd5 44. Kb5 Ke4 45. Bh4 Kf3 46. Ka6 g3 47. Bxg3
Bxg3 48. c7 Bxc7 1/2-1/2

[Event "Titled Tue 10th Jun Late"]
[Site "chess.com INT"]
[Date "2025.06.10"]
[Round "10"]
[White "Carlsen, Magnus"]
[Black "Niemann, Hans Moke"]
[Result "1-0"]
[WhiteTitle "GM"]
[BlackTitle "GM"]
[WhiteElo "2837"]
[BlackElo "2736"]
[WhiteFideId "1503014"]
[BlackFideId "2093596"]
[EventDate "2025.06.10"]

1. e4 e5 2. Nf3 Nc6 3. Nc3 Nf6 4. Bb5 Bb4 5. O-O Bxc3 6. bxc3 d6 7. d3 h6 8. Ne1
g5 9. Bxc6+ bxc6 10. Qe2 Qe7 11. c4 Nd7 12. c3 Nc5 13. Be3 Ne6 14. d4 Ba6 15.
Nc2 d5 16. Rfe1 Bxc4 17. Qh5 dxe4 18. dxe5 c5 19. Rad1 Bd3 20. Rd2 Rd8 21. f3
Ng7 22. Qg4 Qxe5 23. fxe4 O-O 24. Red1 f5 25. Qh3 fxe4 26. Qxh6 Rf5 27. g4 Rd6
28. Qxd6 cxd6 29. gxf5 Nxf5 30. Bxg5 Qxc3 31. Rg2 Kh7 32. Ne3 Qd4 33. Re1 c4 34.
Kh1 Qc3 35. Reg1 Qe5 36. Nxf5 Qxf5 37. Be3 Qf6 38. Rg3 Bf1 39. h3 Be2 40. Kh2
Bf3 41. Rg5 c3 42. Ra5 Qf7 43. Rxa7 Qxa7 44. Bxa7 c2 45. Rc1 1-0

[Event "Titled Tue 10th Jun Late"]
[Site "chess.com INT"]
[Date "2025.06.10"]
[Round "10"]
[White "Lazavik, Denis"]
[Black "Erigaisi, Arjun"]
[Result "1-0"]
[WhiteTitle "GM"]
[BlackTitle "GM"]
[WhiteElo "2580"]
[BlackElo "2782"]
[WhiteFideId "13515110"]
[BlackFideId "35009192"]
[EventDate "2025.06.10"]

1. d4 b6 2. e4 Bb7 3. Bd3 e6 4. Nf3 Nf6 5. Qe2 d5 6. e5 Ne4 7. Nbd2 Nxd2 8. Bxd2
h6 9. c3 Qc8 10. O-O Ba6 11. Ne1 c5 12. f4 Bxd3 13. Nxd3 Nc6 14. Be3 c4 15. Ne1
g6 16. g4 Ne7 17. Nf3 Qd7 18. Kg2 O-O-O 19. Bf2 Kb7 20. Bh4 Rc8 21. Bf6 Rg8 22.
Kh1 Bg7 23. Bxe7 Qxe7 24. Qc2 Qd7 25. Rae1 Bf8 26. f5 g5 27. fxe6 fxe6 28. Ng1
Qg7 29. Rf6 Qd7 30. Ref1 Be7 31. Rxh6 Rcf8 32. Rxf8 Rxf8 33. Qg6 Rf2 34. Rh7 Kc7
35. Qg7 Kd8 36. Qg8+ Kc7 37. Qa8 Rxb2 38. Qxa7+ Kc6 39. Qa8+ Kc7 40. Qa7+ Kc6
41. Rxe7 Qxa7 42. Rxa7 Rc2 43. Re7 Rxc3 44. Rxe6+ Kc7 45. Kg2 Rc2+ 46. Kf3 Rxa2
47. Ne2 b5 48. Rd6 b4 49. Rxd5 c3 50. Rc5+ Kd7 51. Nxc3 bxc3 52. Rxc3 Rxh2 53.
Ke4 Rf2 54. Kd5 Rf4 55. Ra3 Rxg4 56. Ra7+ Kd8 57. e6 Rh4 58. Ke5 g4 59. Kd6 1-0

[Event "Titled Tue 10th Jun Late"]
[Site "chess.com INT"]
[Date "2025.06.10"]
[Round "10"]
[White "Guerra Mendez, Jose Angel"]
[Black "Wu, Rochelle"]
[Result "0-1"]
[WhiteTitle "GM"]
[BlackTitle "FM"]
[WhiteElo "2478"]
[BlackElo "2211"]
[WhiteFideId "3508129"]
[BlackFideId "30908132"]
[EventDate "2025.06.10"]

1. e4 c5 2. Nf3 d6 3. d4 cxd4 4. Nxd4 Nf6 5. Nc3 Nc6 6. Bg5 a6 7. Qd2 e6 8.
O-O-O Bd7 9. f4 Rc8 10. Nf3 Qa5 11. Kb1 b5 12. e5 b4 13. exf6 bxc3 14. Qxc3 Nb4
15. Qa3 Qxa3 16. bxa3 Nxc2 17. Bxa6 Nxa3+ 18. Kb2 Rb8+ 19. Kc3 d5 20. Ne5 Bb4+
21. Kd3 Ba4 22. fxg7 Bc2+ 23. Ke2 Bxd1+ 24. Rxd1 Rg8 25. Bf6 Bd6 26. Rc1 Nc4 27.
Nxc4 dxc4 28. Rxc4 Kd7 29. a4 Be7 30. Rd4+ Ke8 31. Be5 Rb2+ 32. Kf3 f6 33. Bd6
Rxg7 34. Bb5+ Kf8 35. Bxe7+ Rxe7 36. Rd8+ Kg7 37. h4 Rc7 38. h5 Rc3+ 39. Bd3 Rd2
40. Rd7+ Kf8 41. Ke3 Rxg2 42. h6 Rg3+ 43. Kd2 Ra3 44. Bxh7 Ra2+ 0-1

[Event "Titled Tue 10th Jun Late"]
[Site "chess.com INT"]
[Date "2025.06.10"]
[Round "10"]
[White "Khodabandeh, Milad"]
[Black "Bustelo, Tabare"]
[Result "1/2-1/2"]
[WhiteTitle "CM"]
[BlackTitle "CM"]
[WhiteElo "1957"]
[BlackElo "2043"]
[WhiteFideId "12538620"]
[BlackFideId "3000362"]
[EventDate "2025.06.10"]

1. e4 c5 2. Nf3 Nc6 3. d4 cxd4 4. Nxd4 e5 5. Nb5 d6 6. N1c3 a6 7. Na3 b5 8. Nd5
Nge7 9. c4 Nd4 10. cxb5 Nxd5 11. exd5 Be7 12. Bd3 O-O 13. O-O f5 14. Be3 Bf6 15.
Bxd4 exd4 16. Re1 f4 17. Qc2 g6 18. bxa6 Be5 19. Nc4 Qg5 20. Nxe5 dxe5 21. f3
Bxa6 22. Bxa6 Rxa6 23. a4 Rfa8 24. b4 Qe7 25. Qb3 Qd6 26. a5 Kg7 27. Rec1 Qb8
28. Qc4 Kh6 29. Rab1 Qa7 30. Kh1 Rd6 31. Qc5 Qd7 32. Qc7 Rxd5 33. Qxd7 Rxd7 34.
Rc5 Re8 35. Kg1 d3 36. Kf2 e4 37. fxe4 Rxe4 38. Rd1 Rxb4 39. Rc3 Rb2+ 40. Kf3
Ra2 41. Rcxd3 Rxd3+ 42. Rxd3 g5 43. Rd6+ Kh5 44. a6 h6 45. h3 Ra3+ 46. Kf2 Ra5
47. Kf1 Ra2 48. Kg1 Ra3 49. Kh2 Ra5 50. Kh1 Ra2 51. Kg1 Ra1+ 52. Kf2 Ra2+ 53.
Kf3 Ra3+ 54. Kf2 Ra2+ 55. Kf3 1/2-1/2

[Event "Titled Tue 10th Jun Late"]
[Site "chess.com INT"]
[Date "2025.06.10"]
[Round "10"]
[White "Brancaleoni, Maurizio"]
[Black "Mullodzhanov, Nathaniel"]
[Result "0-1"]
[WhiteTitle "FM"]
[WhiteElo "2185"]
[BlackElo "1927"]
[WhiteFideId "803022"]
[BlackFideId "30961580"]
[EventDate "2025.06.10"]

1. Nf3 Nf6 2. c4 g6 3. b4 Bg7 4. Bb2 O-O 5. e3 a5 6. b5 c6 7. a4 d5 8. Na3 Nbd7
9. Be2 Re8 10. bxc6 bxc6 11. cxd5 cxd5 12. d4 Rb8 13. Nb5 Ne4 14. O-O Ndf6 15.
Ne5 Qb6 16. Ba3 Nd7 17. Nd3 Ba6 18. f3 Nd6 19. Nc5 Bxb5 20. axb5 Red8 21. Nxd7
Rxd7 22. Bc5 Qb7 23. Rxa5 Ra8 24. Qa4 Rxa5 25. Qxa5 Bh6 26. f4 Ne4 27. Ra1 e5
28. Qa8+ Qxa8 29. Rxa8+ Kg7 30. b6 exf4 31. Ra7 Rd8 32. b7 f3 33. gxf3 Bxe3+ 34.
Kg2 Nxc5 35. dxc5 Rb8 36. c6 Bxa7 37. c7 Rxb7 38. c8=Q Re7 39. Bb5 Be3 40. Qd8
Re5 41. Kf1 d4 42. Bd3 Rc5 43. Be4 Rb5 44. Qd7 Rh5 45. Bd5 Rf5 46. Ke2 h5 47.
Kd3 Rf6 48. Be4 Bf4 49. Qxd4 Bxh2 0-1